MARC

LEADER 00000nas a2200000 a 4500
001 ssj0000454
003 WaSeSS
005 20200512172242.0
006 m d
007 cr n
008 021002c19749999ctuqr pss o 0 a0eng c
010 |a  2002227149 
015 |a GBB409373  |2 bnb 
016 7 |a 2067674-8  |2 DE-600 
016 7 |a 016560974  |2 Uk 
022 |a 1946-3170  |l 0163-755X  |y 0163-755X 
035 |a (WaSeSS)ssj0000454 
037 |b MELUS, The Society for the Study of the Multi-Ethnic Literature, University of Connecticut, Dept. of English, 215 Glenbrook Rd. U-4025, Storrs, CT 06269-4025 
040 |a EYM  |b eng  |c EYM  |d OCLCQ  |d BUF  |d OCLCQ  |d NSD  |d OCLCQ  |d NSD  |d MUQ  |d LGG  |d OCLCQ  |d OCLCF  |d VT2  |d OCLCQ  |d DEBBG  |d OCLCQ  |d WT2  |d GILDS  |d OCLCO  |d OCLCQ  |d UUM  |d OCLCQ  |d WYU  |d UKMGB  |d NJT  |d SFB  |d OCLCQ  |d OCLCO  |d WaSeSS 
042 |a pcc  |a nsdp 
043 |a n-us--- 
050 1 4 |a PN843 
060 4 |a 015009610 
082 1 0 |a 808  |2 14 
130 0 |a MELUS (Online) 
222 0 |a MELUS  |b (Online) 
245 1 0 |a MELUS  |h [electronic resource] /  |c Society for the Study of the Multi-Ethnic Literature of the United States. 
246 3 |a Multi-ethnic literature of the United States 
260 |a Los Angeles :  |b Society for the Study of the Multi-Ethnic Literature of the United States,  |c 1974- 
310 |a Quarterly 
362 0 |a Vol. 1, no. 1 (Sept. 1974)- 
500 |a Place of publication varies; Storrs, CT, <2009->. 
500 |a Title from title screen (viewed Oct. 2, 2002). 
506 |a License restrictions may limit access. 
538 |a Mode of access: World Wide Web. 
588 1 |a Vol. 31, no. 4 (winter 2006). 
650 7 |a Littérature.  |2 rasuqam 
650 7 |a Littérature américaine.  |2 rasuqam 
650 7 |a Minorité ethnique.  |2 rasuqam 
650 7 |a Multiculturalisme.  |2 rasuqam 
650 7 |a Société multiethnique.  |2 rasuqam 
651 0 |a United States  |v Literatures  |x History and criticism  |v Periodicals. 
651 6 |a États-Unis  |x Littératures  |x Histoire et critique  |v Périodiques. 
651 7 |a United States.  |2 fast  |0 (OCoLC)fst01204155 
651 7 |a États-Unis.  |2 rasuqam 
655 0 |a Electronic journals. 
710 2 |a MELUS. 
776 1 |t MELUS  |x 0163-755X  |w (DLC) 79642925  |w (OCoLC)4417668 
856 4 0 |z Full text available from Research Library: 04/01/1994 to 10/31/2015  |u https://search.proquest.com/publication/30926